| 000 | 00399nam a22001697a 4500 | ||
|---|---|---|---|
| 005 | 20160702101611.0 | ||
| 008 | 160702b xxu||||| |||| 00| 0 eng d | ||
| 020 | _a978-0-07-058352-8 | ||
| 041 | _aeng | ||
| 082 | _b20885 | ||
| 100 |
_aRajani, Renu _93449 |
||
| 245 | _aSoftware testing | ||
| 260 |
_bMc Grow Hills _c2011 |
||
| 300 | _a302 | ||
| 650 |
_aInformation Technolocy _93446 |
||
| 942 | _cBK | ||
| 999 |
_c5151 _d5149 |
||